Prénoms filles 2016 - Statistiques

Statistiques générales
  • Ce quiz a été pris 725 fois
    255 depuis la dernière actualisation
  • Le résultat moyen est 52 sur 100
Statistiques - réponses
Hint Lettre Prénoms % Correct
19 L Lou
93%
1 E Emma
90%
6 L Léa
89%
3 C Chloé
85%
2 L Louise
84%
13 Z Zoé
84%
5 J Jade
82%
10 J Juliette
82%
57 M Marie
79%
21 A Anna
77%
41 J Jeanne
75%
15 L Lucie
75%
55 C Camille
74%
8 L Lola
74%
43 C Clara
73%
22 M Manon
73%
91 S Sara
73%
7 A Alice
72%
9 J Julia
72%
60 L Lisa
72%
25 E Élise
71%
74 P Pauline
69%
27 R Romane
69%
79 E Élisa
68%
11 R Rose
68%
26 I Inès
66%
4 L Léna
65%
84 E Émilie
63%
44 V Victoire
63%
17 E Eva
62%
76 O Océane
62%
12 L Lina
61%
30 S Sarah
60%
54 V Valentine
60%
36 C Charlotte
59%
39 L Lilou
59%
71 L Lise
59%
65 M Mathilde
59%
50 N Noémie
58%
67 V Victoria
58%
28 N Nina
57%
23 C Clémence
56%
48 L Louane
56%
33 A Anaïs
55%
98 J Justine
55%
35 A Ambre
54%
72 G Gabrielle
54%
47 O Olivia
54%
78 E Éloïse
53%
38 M Margot
53%
82 I Iris
52%
52 L Lily
51%
24 M Margaux
51%
29 A Agathe
50%
59 A Alicia
50%
69 H Héloïse
50%
18 L Louna
50%
42 L Luna
50%
20 M Mia
50%
89 M Maëlle
49%
61 L Lana
48%
14 M Mila
48%
16 E Elena
46%
37 M Maëlys
46%
68 R Romy
46%
53 E Elsa
45%
56 C Célia
42%
34 L Léana
42%
73 L Léane
42%
40 L Léonie
42%
77 T Théa
42%
31 A Adèle
41%
66 Y Yasmine
41%
32 E Emy
40%
86 S Sofia
40%
96 A Amélia
37%
90 C Charlie
37%
62 G Giulia
34%
87 M Maya
34%
83 F Faustine
33%
45 M Mya
33%
81 S Salomé
33%
63 T Thaïs
33%
49 C Capucine
32%
75 E Elina
32%
70 L Lya
31%
46 M Mélina
29%
95 M Méline
29%
88 E Emmy
28%
92 E Éline
27%
85 N Noûr
27%
58 A Aya
25%
99 E Enora
25%
100 C Cléa
24%
64 L Lyna
24%
94 L Livia
23%
51 A Apolline
22%
93 L Lison
21%
80 A Assia
20%
97 E Eden
17%
Aucun quiz correspondant
Distribution des résultats
% des personnes avec chaque résultat
Percentile par nombre de réponses
Votre historique - résultats
Vous n’avez pas pris ce quiz depuis la dernière actualisation